| 000 | 00352nam a22001457a 4500 | ||
|---|---|---|---|
| 999 |
_c258080 _d258079 |
||
| 003 | OSt | ||
| 005 | 20200129132455.0 | ||
| 008 | 200129b xxu||||| |||| 00| 0 eng d | ||
| 020 | _a9780198728726 | ||
| 040 | _cN/A | ||
| 100 | _aPeter Atkins et al | ||
| 245 | _aPhysical Chemistry | ||
| 260 |
_aIndia _bOxord University Press _c2014 |
||
| 942 |
_2lcc _cBK |
||